000 00738nam a2200253 a 4500
001 58928
003 BD-RjUL
005 20211209080654.0
008 161220s1978 maua | 001 0 eng
020 _a0201028549
035 _a(BD-RjUL)59052
040 _aDLC
_cDLC
_dDLC
_beng
041 _aeng
082 0 0 _a658
_223
_bHEM 1978
100 1 _aHellriegel, Don.
_9175225
245 1 0 _aManagement :
_bcontingency approaches /
_cDon Hellriegel, John W. Slocum, Jr.
250 _a2nd ed.
260 _aReading, Mass. :
_bAddison-Wesley Pub. Co.,
_cc1978.
300 _axv, 607 p. :
_bill. ;
_c24 cm.
500 _aIncludes index
650 0 _aManagement.
_9172842
700 1 _aSlocum, John W.,
_ejoint author.
_9175226
942 _2ddc
_cBK
999 _c58928
_d58928